<?xml version="1.0" encoding="UTF-8"?>
<record
    xmlns:xsi="http://www.w3.org/2001/XMLSchema-instance"
    xsi:schemaLocation="http://www.loc.gov/MARC21/slim http://www.loc.gov/standards/marcxml/schema/MARC21slim.xsd"
    xmlns="http://www.loc.gov/MARC21/slim">

  <leader>01565nam a2200265 a 4500</leader>
  <controlfield tag="001">81556</controlfield>
  <controlfield tag="003">BD-RjUL</controlfield>
  <controlfield tag="005">20230716122236.0</controlfield>
  <controlfield tag="008">230711s2021    bg a|||| m||| 00| 0 ben d</controlfield>
  <datafield tag="035" ind1=" " ind2=" ">
    <subfield code="a">(BD-RjUL)81556</subfield>
  </datafield>
  <datafield tag="040" ind1=" " ind2=" ">
    <subfield code="a">BD-RjUL</subfield>
    <subfield code="b">ben / eng</subfield>
    <subfield code="c">BD-RjUL</subfield>
    <subfield code="d">BD-RjUL</subfield>
  </datafield>
  <datafield tag="041" ind1=" " ind2=" ">
    <subfield code="a">ben</subfield>
  </datafield>
  <datafield tag="082" ind1=" " ind2=" ">
    <subfield code="a">305.3</subfield>
    <subfield code="b">FAL 2021</subfield>
    <subfield code="2">23</subfield>
  </datafield>
  <datafield tag="100" ind1=" " ind2=" ">
    <subfield code="a">&#x9AB;&#x9BE;&#x9A4;&#x9C7;&#x9AE;&#x9BE;, &#x9B0;&#x9BF;&#x9AB;&#x9BE;&#x9A4;</subfield>
    <subfield code="9">7967</subfield>
  </datafield>
  <datafield tag="245" ind1="1" ind2="0">
    <subfield code="a">&#x9B2;&#x9BF;&#x999;&#x9CD;&#x997;&#x9AC;&#x9C8;&#x9B7;&#x9AE;&#x9CD;&#x9AF; &#x993; &#x9A8;&#x9BE;&#x9B0;&#x9C0;&#x989;&#x9A8;&#x9CD;&#x9A8;&#x9AF;&#x9BC;&#x9A8; :</subfield>
    <subfield code="b">&#x9B8;&#x9BE;&#x981;&#x993;&#x9A4;&#x9BE;&#x9B2; &#x99C;&#x9A8;&#x997;&#x9CB;&#x9B7;&#x9CD;&#x9A0;&#x9C0;&#x9B0; &#x993;&#x9AA;&#x9B0; &#x98F;&#x995;&#x99F;&#x9BF; &#x9B8;&#x9AE;&#x9C0;&#x995;&#x9CD;&#x9B7;&#x9BE; /</subfield>
    <subfield code="c">&#x9B0;&#x9BF;&#x9AB;&#x9BE;&#x9A4; &#x9AB;&#x9BE;&#x9A4;&#x9C7;&#x9AE;&#x9BE; ;</subfield>
    <subfield code="6">&#x9A4;&#x9A4;&#x9CD;&#x9A4;&#x9CD;&#x9AC;&#x9BE;&#x9AC;&#x9A7;&#x9BE;&#x9AF;&#x9BC;&#x995; : &#x9AE;&#x9CB;. &#x99C;&#x9BE;&#x9B9;&#x9BE;&#x999;&#x9CD;&#x997;&#x9C0;&#x9B0; &#x9B9;&#x9CB;&#x9B8;&#x9C7;&#x9A8;</subfield>
  </datafield>
  <datafield tag="246" ind1=" " ind2=" ">
    <subfield code="a">Gender Discrimination and Women Development :</subfield>
    <subfield code="b">A Study on Santal Communiity /</subfield>
  </datafield>
  <datafield tag="260" ind1=" " ind2=" ">
    <subfield code="a">&#x9B0;&#x9BE;&#x99C;&#x9B6;&#x9BE;&#x9B9;&#x9C0; :</subfield>
    <subfield code="b">&#x9AB;&#x9CB;&#x995;&#x9B2;&#x9CB;&#x9B0; &#x9AC;&#x9BF;&#x9AD;&#x9BE;&#x997;, &#x9B0;&#x9BE;&#x99C;&#x9B6;&#x9BE;&#x9B9;&#x9C0; &#x9AC;&#x9BF;&#x9B6;&#x9CD;&#x9AC;&#x9AC;&#x9BF;&#x9A6;&#x9CD;&#x9AF;&#x9BE;&#x9B2;&#x9AF;&#x9BC;,</subfield>
    <subfield code="c">&#x9E8;&#x9E6;&#x9E8;&#x9E7;</subfield>
  </datafield>
  <datafield tag="300" ind1=" " ind2=" ">
    <subfield code="a">&#x9E7;&#x9E9;, &#x9E7;&#x9EC;&#x9EF; &#x9AA;&#x9BE;&#x9A4;&#x9BE; :</subfield>
    <subfield code="b">&#x99A;&#x9BF;&#x98F; ;</subfield>
    <subfield code="c">&#x9E8;&#x9EF; &#x9B8;&#x9C7;&#x9AE;&#x9BF;.</subfield>
  </datafield>
  <datafield tag="502" ind1=" " ind2=" ">
    <subfield code="a">&#x9A5;&#x9BF;&#x9B8;&#x9BF;&#x9B8; (&#x9AA;&#x9BF;&#x98F;&#x987;&#x99A;. &#x9A1;&#x9BF;.) -- &#x9AB;&#x9CB;&#x995;&#x9B2;&#x9CB;&#x9B0; &#x9AC;&#x9BF;&#x9AD;&#x9BE;&#x997;, &#x9B0;&#x9BE;&#x99C;&#x9B6;&#x9BE;&#x9B9;&#x9C0; &#x9AC;&#x9BF;&#x9B6;&#x9CD;&#x9AC;&#x9AC;&#x9BF;&#x9A6;&#x9CD;&#x9AF;&#x9BE;&#x9B2;&#x9AF;&#x9BC;, &#x9E8;&#x9E6;&#x9E8;&#x9E7;</subfield>
  </datafield>
  <datafield tag="504" ind1=" " ind2=" ">
    <subfield code="a">&#x997;&#x9CD;&#x9B0;&#x9A8;&#x9CD;&#x9A5;&#x9AA;&#x99E;&#x9CD;&#x99C;&#x9BF; : &#x9AA;&#x9BE;&#x9A4;&#x9BE; [&#x9E7;&#x9EC;&#x9E8;]-&#x9E7;&#x9EC;&#x9EF;</subfield>
  </datafield>
  <datafield tag="650" ind1=" " ind2=" ">
    <subfield code="a">&#x9B2;&#x9BF;&#x999;&#x9CD;&#x997; &#x9AA;&#x9B0;&#x9BF;&#x99A;&#x9AF;&#x9BC;</subfield>
    <subfield code="v">&#x9AC;&#x9C8;&#x9B7;&#x9AE;&#x9CD;&#x9AF;</subfield>
    <subfield code="9">7969</subfield>
  </datafield>
  <datafield tag="650" ind1=" " ind2=" ">
    <subfield code="a">Gender identity</subfield>
    <subfield code="v">Discrimination</subfield>
    <subfield code="9">7970</subfield>
  </datafield>
  <datafield tag="700" ind1=" " ind2=" ">
    <subfield code="a">&#x9B9;&#x9CB;&#x9B8;&#x9C7;&#x9A8;, &#x9AE;&#x9CB;. &#x99C;&#x9BE;&#x9B9;&#x9BE;&#x999;&#x9CD;&#x997;&#x9C0;&#x9B0;, &#x9A4;&#x9A4;&#x9CD;&#x9A4;&#x9CD;&#x9AC;&#x9BE;&#x9AC;&#x9A7;&#x9BE;&#x9AF;&#x9BC;&#x995;</subfield>
    <subfield code="9">7968</subfield>
  </datafield>
  <datafield tag="942" ind1=" " ind2=" ">
    <subfield code="2">ddc</subfield>
    <subfield code="c">THE</subfield>
  </datafield>
  <datafield tag="999" ind1=" " ind2=" ">
    <subfield code="c">81556</subfield>
    <subfield code="d">81556</subfield>
  </datafield>
  <datafield tag="952" ind1=" " ind2=" ">
    <subfield code="1">0</subfield>
    <subfield code="2">ddc</subfield>
    <subfield code="4">0</subfield>
    <subfield code="7">1</subfield>
    <subfield code="8">THESES</subfield>
    <subfield code="a">RUCL</subfield>
    <subfield code="b">RUCL</subfield>
    <subfield code="c">Doc/The</subfield>
    <subfield code="d">2023-03-29</subfield>
    <subfield code="e">Controller of Exam. R. U.</subfield>
    <subfield code="o">BTHE 305.3 FAL 2021</subfield>
    <subfield code="p">D4797</subfield>
    <subfield code="r">2023-07-11 00:00:00</subfield>
    <subfield code="t">C-1</subfield>
    <subfield code="y">THE</subfield>
  </datafield>
</record>
